00674 a2200145 4500003000500000005001700005020001500022040000900037082001200046100001500058245005700073505036200130600001500492650002100507Nust20251008151158.0 a0862279836 cNust a030,FUN aAnne Mckie aThe fun to learn pictures encyclopedia /cAnne Mckie aThe Solar System (Page-8), The Earth (Page-11), Life Begins on Earth (Page-24), Plants (Page-30), Insects (Page-36), Birds (Page-40), Life in the Seas and Oceans (Page-44), Amphibians and Reptiles (Page-48), Mammals (Page-51), Early Humans (Page-57), Transport (Page-70), Ships and Boats (Page-76), Communication (Page-84), The Journey into Space (Page-90). aAnne Mckie aThe fun to learn